000 00308nam a22001337a 4500
999 _c13224
_d13224
020 _a9788177583533
082 _a621.3813
100 _aSamuel Y. Liao
245 0 _aMicrowave Devices and Circuits
250 _a3rd Edition
260 _aNew Delhi India
_bPearson
_c2009
300 _a561 pages
942 _cBK